书目信息 |
| 题名: |
中华民族的伟大觉醒
|
|
| 作者: | 彭郭文 编著 | |
| 分册: | ||
| 出版信息: | 郑州 河南人民出版社 2011.09 |
|
| 页数: | 30页 | |
| 开本: | 20cm | |
| 丛书名: | ||
| 单 册: | ||
| 中图分类: | K257 | |
| 科图分类: | ||
| 主题词: | 中国--历史--1840~1949 | |
| 电子资源: | ||
| ISBN: | 7-215-07834-5 | |
| 000 | 00580nam0 2200193 450 | |
| 001 | 1840929750 | |
| 005 | 20181219112605.22 | |
| 010 | @a7-215-07834-5@dCNY2.00 | |
| 100 | @a20181219d2011 km y0chiy0120 ea | |
| 101 | 0 | @achi |
| 102 | @aCN@b410000 | |
| 200 | 1 | @a中华民族的伟大觉醒@Azhong hua min zu de wei da jue xing@f彭郭文编著@Fpeng guo wen bian zhu |
| 210 | @a郑州@c河南人民出版社@d2011.09 | |
| 215 | @a30页@d20cm | |
| 606 | 0 | @a中国@x历史@z1840~1949 |
| 690 | @aK257@v4 | |
| 701 | 0 | @a彭郭文@Apeng guo wen@4编著 |
| 801 | 0 | @aCN@bMUSE@c20181219 |
| 905 | @aMUSE@dK257@eP477 | |
| 中华民族的伟大觉醒/彭郭文编著.-郑州:河南人民出版社,2011.09 |
| 30页;20cm |
| ISBN 7-215-07834-5:CNY2.00 |
| ● |
| 相关链接 |
|
|
|
正题名:中华民族的伟大觉醒
索取号:K257/P477
 
预约/预借
| 序号 | 登录号 | 条形码 | 馆藏地/架位号 | 状态 | 备注 |
| 1 | 1300811 | 213008118 | 社科库309/309社科库 35排6列2层/ [索取号:K257/P477] | 在馆 |